000 00900cab a2200277 4500
001 WB3113-12
008 090401t1995 xxu||||| |||| 00| 0 eng d
035 _a(Sirsi) u41057
041 _aeng
245 _aSpecial Waste Regulations
260 _c1995
350 _a0
490 _aDoE News Release
_v(145) 27 March 1995, (3)
520 _aDraft Special Waste Regulations have been published to implement the EC Hazardous Waste Directive 1991. Comments by 19 May 1995.
650 _aCONTROL OF POLLUTION (SPECIAL WASTE) REGULATIONS 1980
650 _aDANGEROUS WASTE
650 _aDIRECTIVE 91/689/EEC
650 _aEUROPEAN COMMISSION
650 _aHAZARDOUS WASTE DIRECTIVE 1991
650 _aHAZARDOUS WASTE
650 _aSPECIAL WASTE REGULATIONS 1995
650 _aDIRECTIVE 75/442/EEC
690 _aENVIRONMENTAL AND LAND CONSULTANCY
942 _n0
948 _c04/03/1997
999 _c26354
_d26354